Wszyscy zawodnicy metalkas 2 ekstraligi - sezon 2026 - Statystyki

Ogólne statystyki
  • Ten quiz został rozwiązany 36 razy
  • Średni wynik to 42 z 58
Statystyki odpowiedzi
Hint Odpowiedź % Poprawnych
Polonia Bydgoszcz Maksymilian Pawełczak
92%
Polonia Bydgoszcz Szymon Woźniak
92%
Polonia Bydgoszcz Wiktor Przyjemski
92%
Polonia Bydgoszcz Kai Huckenbeck
88%
Polonia Bydgoszcz Krzysztof Buczkowski
88%
PSŻ Poznań Ryan Douglas
88%
Ostrovia Ostrów Wlkp. Tai Woffinden
88%
Polonia Piła Tobiasz J. Musielak
88%
Wilki Krosno Tobiasz Musielak
88%
Polonia Bydgoszcz Tom Brennan
88%
PSŻ Poznań Bartosz Smektała
84%
Ostrovia Ostrów Wlkp. Chris Holder
84%
ROW Rybnik Jan Kvech
84%
Wilki Krosno Jason Doyle
84%
Polonia Bydgoszcz Kacper Andrzejewski
84%
PSŻ Poznań Kacper Pludra
84%
Orzeł Łódź Villads Nagel
84%
PSŻ Poznań Antoni Mencel
80%
Polonia Piła Benjamin Basso
80%
Ostrovia Ostrów Wlkp. Frederik Jakobsen
80%
PSŻ Poznań Niels Kristian Iversen
80%
Stal Rzeszów Oskar Fajfer
80%
Ostrovia Ostrów Wlkp. Filip Seniuk
76%
ROW Rybnik Jakub Jamróg
76%
Wilki Krosno Luke Becker
76%
Wilki Krosno Marcus Birkemose
76%
ROW Rybnik Patryk Wojdyło
76%
Ostrovia Ostrów Wlkp. Paweł Sitek
76%
Stal Rzeszów Rasmus Jensen
76%
Wilki Krosno Robert Chmiel
76%
ROW Rybnik Wiktor Lampart
76%
Stal Rzeszów Franciszek Majewski
72%
Ostrovia Ostrów Wlkp. Gleb Czugunow
72%
Orzeł Łódź Krzysztof Lewandowski
72%
Polonia Bydgoszcz Oleksandr Loktaev
72%
Wilki Krosno Radosław Kowalski
72%
Polonia Piła Adrian Cyfer
68%
Stal Rzeszów Andreas Lyager
68%
Ostrovia Ostrów Wlkp. Jakub Krawczyk
68%
Polonia Piła Kacper Teska
68%
Orzeł Łódź Marcin Nowak
68%
Stal Rzeszów Mateusz Szczepaniak
68%
Polonia Piła Matias Nielsen
68%
Orzeł Łódź Oliver Berntzon
68%
Polonia Piła Wiktor Jasiński
68%
PSŻ Poznań Dimitri Berge
64%
ROW Rybnik Jesper Knudsen
64%
ROW Rybnik Kacper Tkocz
64%
Orzeł Łódź Zach Cook
60%
PSŻ Poznań Kamil Witkowski
56%
Stal Rzeszów Maksym Borowiak
56%
Orzeł Łódź Szymon Szlauderbach
56%
Polonia Piła Norbert Kościuch
52%
Stal Rzeszów Anders Rowe
44%
Wilki Krosno Jakub Wieszczak
44%
Orzeł Łódź Seweryn Orgacki
44%
Polonia Piła William Drejer
36%
ROW Rybnik Roch Wujec
24%
Nie znaleziono quizów pasujących do podanych kryteriów
Rozkład punktacji
Procent ludzi z każdym wynikiem
Percentyl według liczby udzielonych odpowiedzi
Twoja historia wyników
Nie rozwiązałeś tego quizu